Statistics for Phoenix Suns: Most 3-PT FGs Each Year

Click here to take the quiz!

General Stats

  • This quiz has been taken 137 times
    (3 since last reset)
  • The average score is 18 of 45

Answer Stats

YearPlayer3-PT FGs% Correct
2022-2023Devin Booker111
100%
2021-2022Devin Booker183
100%
2019-2020Devin Booker141
100%
2018-2019Devin Booker135
100%
2016-2017Devin Booker147
100%
2023-2024Grayson Allen205
100%
2003-2004Shawn Marion90
100%
2002-2003Shawn Marion141
100%
2007-2008Steve Nash179
100%
1992-1993Dan Majerle167
67%
1994-1995Dan Majerle199
67%
1993-1994Dan Majerle192
67%
2001-2002Dan Majerle79
67%
1991-1992Dan Majerle87
67%
1988-1989Eddie Johnson71
67%
1989-1990Eddie Johnson70
67%
2012-2013Jared Dudley106
67%
1985-1986Walter Davis18
67%
1986-1987Walter Davis21
67%
1987-1988Walter Davis36
67%
2020-2021Jae Crowder148
33%
1990-1991Jeff Hornacek61
33%
1979-1980Paul Westphal26
33%
2004-2005Quentin Richardson226
33%
2009-2010Channing Frye172
0%
2010-2011Channing Frye171
0%
2011-2012Channing Frye91
0%
1999-2000Clifford Robinson120
0%
2000-2001Clifford Robinson90
0%
1998-1999George McCloud69
0%
2013-2014Gerald Green204
0%
2014-2015Gerald Green137
0%
1981-1982Kyle Macy39
0%
1982-1983Kyle Macy23
0%
1983-1984Kyle Macy23
0%
1980-1981Kyle Macy12
0%
2008-2009Matt Barnes117
0%
2015-2016Mirza Teletovic181
0%
2006-2007Raja Bell205
0%
2005-2006Raja Bell197
0%
1997-1998Rex Chapman120
0%
1984-1985Rod Foster41
0%
2017-2018Troy Daniels183
0%
1996-1997Wesley Person171
0%
1995-1996Wesley Person117
0%

Score Distribution

Percentile by Number Answered

Percent of People with Each Score

Your Score History

You have not taken this quiz since the last reset